College writing skills with readings / (Record no. 16847)
[ view plain ]
| 000 -LEADER | |
|---|---|
| fixed length control field | 00444nam a22001697a 4500 |
| 003 - CONTROL NUMBER IDENTIFIER | |
| control field | OSt |
| 005 - DATE AND TIME OF LATEST TRANSACTION | |
| control field | 20140310182840.0 |
| 008 - FIXED-LENGTH DATA ELEMENTS--GENERAL INFORMATION | |
| fixed length control field | 130608t xxu||||| |||| 00| 0 eng d |
| 050 ## - LIBRARY OF CONGRESS CALL NUMBER | |
| Classification number | PE 1408 |
| Item number | .L271 2011 |
| 245 ## - TITLE STATEMENT | |
| Title | College writing skills with readings / |
| Statement of responsibility, etc | Langan, John |
| 260 ## - PUBLICATION, DISTRIBUTION, ETC. (IMPRINT) | |
| Place of publication, distribution, etc | New York : |
| Name of publisher, distributor, etc | McGraw-Hill, |
| Date of publication, distribution, etc | c2011 |
| 300 ## - PHYSICAL DESCRIPTION | |
| Extent | xxi, 782 p. : |
| Other physical details | 24 cm. |
| 521 ## - TARGET AUDIENCE NOTE | |
| Target audience note | |
| 942 ## - ADDED ENTRY ELEMENTS (KOHA) | |
| Source of classification or shelving scheme | Library of Congress Classification |
| Koha item type | Books |
| Call number prefix | Foreign |
| Withdrawn status | Lost status | Source of classification or shelving scheme | Damaged status | Home library | Current library | Shelving location | Date acquired | Total Checkouts | Total Renewals | Full call number | Barcode | Date last seen | Date checked out | Copy number | Price effective from | Koha item type |
|---|---|---|---|---|---|---|---|---|---|---|---|---|---|---|---|---|
| Library of Congress Classification | College Library | College Library | General Circulation Section | 06/08/2013 | 1 | 3 | PE 1408 .L271 2011 | c12502 | 05/15/2018 | 08/05/2016 | 1 | 06/08/2013 | Books | |||
| Library of Congress Classification | College Library | College Library | Reserve Section | 01/22/2014 | PE 1408 .L271 2014 | C17102 | 05/15/2018 | 1 | 01/22/2014 | Books |